Athlétisme - Les Epreuves sur piste - Statistiques

Statistiques générales
  • Ce quiz a été pris 376 fois
  • Le résultat moyen est 16 sur 25
Statistiques - réponses
Réponse % Correct
Saut en hauteur
96%
Lancer de javelot
94%
Lancer de poids
94%
Saut en longueur
94%
100m
93%
400m
91%
Lancer de dique
91%
200m
89%
Lancer de marteau
89%
Saut à la perche
89%
Triple saut
85%
800m
81%
3000m
80%
1500m
79%
Decathlon (Hommes et Femmes)
79%
5000m
78%
10000m
77%
Heptathlon (Femmes)
63%
400m haies
30%
5000m Marche
11%
3000m Marche
10%
Relais 4x100m
7%
Relais 4x400m
7%
100m haies (Femmes)
2%
110m haies (Hommes)
2%
Aucun quiz correspondant
Distribution des résultats
% des personnes avec chaque résultat
Percentile par nombre de réponses
Votre historique - résultats
Vous n’avez pas pris ce quiz